000 00596nam a22001817a 4500
008 150604b xxu||||| |||| 00| 0 eng d
020 _a9780077395025
020 _a0077395026
041 0 _aeng
080 _a519.686
100 1 _aManning, Cheri.
245 1 0 _aMicrosoft Office Powerpoint 2010 :
_cCheri Manning, Catherine Manning Swinson.
260 _aNew York :
_bMcGraw-Hill,
_cc2012.
300 _a1 v. (numër i ndryshëm i faqeve)
_bme il. ;
_c28 cm.
650 0 _aSoftuer për prezantime grafike
700 1 _aSwinson, Catherine Manning.
942 _2udc
_cBK
999 _c985
_d985